Vznik voľných radikálov a prevencia prírodnými látkami cereálií

Saved in:
Bibliographic Details
Main Author: Brindzová, Lucia
Format: Book
Language:Slovak
Published: Bratislava STU FCHPT 2008
Online Access:View in OPAC
Tags: Add Tag
No Tags, Be the first to tag this record!

MARC

LEADER 00000nam a2200000 a 4500
005 20260127134146.0
008 081021 2008 xo 000 0 slo d
035 |a vtls009350854 
039 9 |a 200810211103  |b mschk03  |y 200810211009  |z mschk03 
040 |a STUSCHK1  |b slo  |c STUSCHK1  |e AACR2 
100 1 |a Brindzová, Lucia 
245 1 |a Vznik voľných radikálov a prevencia prírodnými látkami cereálií  |c Lucia Brindzová 
260 |a Bratislava  |b STU FCHPT  |c 2008 
300 |a 197 s.  |b il.  |c 30 cm + príloha 
500 |a Obháj.: 25.6. 2008 
500 |a Ústav biochémie, výživy a ochrany zdravia, Odd. výživy a hodnotenia potravín 
910 |a SCHK95 
999 |c 5447  |d 5447